[Event "FRA-chT Top 12 (Women)"]
[Site "France"]
[Date "2009.??.??"]
[Round "2.1"]
[White "Todorova, Maya"]
[Black "Cosma, Elena Luminita"]
[Result "0-1"]
[WhiteElo "2025"]
[BlackElo "2343"]
[PlyCount "80"]
[EventDate "2009.01.22"]
[EventType "tourn"]
[EventRounds "4"]
[EventCountry "FRA"]
[SourceTitle "CBM 128 Extra"]
[Source "ChessBase"]
[SourceDate "2009.03.05"]
[SourceVersion "2"]
[SourceVersionDate "2009.03.25"]
[SourceQuality "1"]

1. e4 e6 2. d4 d5 3. exd5 exd5 4. Bd3 c5 5. dxc5 Bxc5 6. Nc3 Nf6 7. Nge2 0-0 8. 0-0 h6 9. h3 Nc6 10. Ng3 Be6 11. Bf4 Re8 12. Qd2 Bf8 13. a3 g5 14. Bxg5 hxg5 15. Qxg5+ Bg7 16. Rfe1 Ne4 17. Ngxe4 dxe4 18. Qxd8 Raxd8 19. Rxe4 Ne5 20. Bb5 Bd7 21. Bxd7 Nxd7 22. Rae1 Nf6 23. Rxe8+ Rxe8 24. Rd1 Rc8 25. Rd2 Bh6 26. Rd1 Bf8 27. Rd3 Bg7 28. Rd2 Ne8 29. Nd5 Kf8 30. b3 Rd8 31. Rd3 Be5 32. Kf1 b5 33. Ke2 Rc8 34. Kd1 Bb2 35. b4 Be5 36. f4 Bb8 37. g4 Rc4 38. f5 Be5 39. g5 Ng7 40. Ne3 Rd4 0-1